000 00451nam a2200169Ia 4500
003 GCL
008 140319s9999 xx 000 0 eng d
040 _aGCL /
_cGCL
082 0 4 _a004.75
_bS Y
100 1 _aSIMPSON, ALAN
245 1 0 _aYOUR FIRST COMPUTER, 2ND ED /
_cSIMPSON, ALAN
260 _a[S.N] :
_bSYBEX INC. ،
_c1994
300 _a382 P
650 0 4 _aCOMPUTER SOFTWARE
650 0 4 _aCOMPUTER INPUT - OUTPUT EQUIPMENT
942 _2ddc
_cBK
999 _c16270
_d16270